[Event "Titled Tue 10th Jun Early"]
[Site "chess.com INT"]
[Date "2025.06.10"]
[Round "11"]
[White "Bozorov, Javohir"]
[Black "Garcia Correa, Jose Ricardo"]
[Result "1-0"]
[WhiteTitle "FM"]
[BlackTitle "FM"]
[WhiteElo "2039"]
[BlackElo "2103"]
[WhiteFideId "14216957"]
[BlackFideId "5101832"]
[EventDate "2025.06.10"]

1. e4 c5 2. Nc3 e6 3. d4 cxd4 4. Qxd4 a6 5. Be3 Nc6 6. Qd2 Qa5 7. f3 Nf6 8. h4
Bb4 9. a3 d5 10. Nge2 dxe4 11. O-O-O exf3 12. gxf3 Bxc3 13. Nxc3 O-O 14. Rg1 Rd8
15. Bd3 Ne5 16. Bxh7+ Kxh7 17. Qxd8 Qxd8 18. Rxd8 Nxf3 19. Rgd1 b5 20. Bg5 Bb7
21. Bxf6 gxf6 22. Rxa8 Bxa8 23. Rd8 Bd5 24. Nxd5 exd5 25. Rxd5 Nxh4 26. Rh5+ 1-0

[Event "Titled Tue 10th Jun Early"]
[Site "chess.com INT"]
[Date "2025.06.10"]
[Round "11"]
[White "Buscar, Michael"]
[Black "Kalyani Sirin"]
[Result "0-1"]
[BlackTitle "WFM"]
[WhiteElo "2016"]
[BlackElo "2138"]
[WhiteFideId "2603616"]
[BlackFideId "33323500"]
[EventDate "2025.06.10"]

1. d4 Nf6 2. c4 g6 3. Nc3 d5 4. Nf3 Bg7 5. Qb3 e6 6. Bg5 c6 7. e3 O-O 8. Be2
Nbd7 9. O-O Qb6 10. c5 Qxb3 11. axb3 h6 12. Bh4 Ne4 13. b4 g5 14. Bg3 Nxg3 15.
hxg3 Re8 16. b5 e5 17. bxc6 bxc6 18. Ba6 exd4 19. Nxd4 Nxc5 20. Nxc6 Bxa6 21. b4
Bxf1 0-1

[Event "Titled Tue 10th Jun Early"]
[Site "chess.com INT"]
[Date "2025.06.10"]
[Round "11"]
[White "Garcia, Erick"]
[Black "Martinez Ramirez, Lennis"]
[Result "0-1"]
[BlackTitle "IM"]
[WhiteElo "2135"]
[BlackElo "2442"]
[WhiteFideId "2058880"]
[BlackFideId "3509079"]
[EventDate "2025.06.10"]

1. d4 Nf6 2. c4 e6 3. Nf3 Bb4+ 4. Nbd2 d5 5. g3 dxc4 6. Bg2 b5 7. O-O Bb7 8. a4
a6 9. Qc2 Nbd7 10. e4 Bxd2 11. Nxd2 O-O 12. b3 c5 13. axb5 axb5 14. Rxa8 Qxa8
15. bxc4 cxd4 16. cxb5 Rc8 17. Qb1 Nc5 18. Bb2 Ncxe4 19. Nxe4 Nxe4 20. Bxd4 Nd2
21. Bxb7 Qxb7 22. Qd3 Nf3+ 0-1

[Event "Titled Tue 10th Jun Early"]
[Site "chess.com INT"]
[Date "2025.06.10"]
[Round "11"]
[White "Nazin, Roman"]
[Black "Sethuraman, Roshan"]
[Result "0-1"]
[WhiteTitle "CM"]
[WhiteElo "2250"]
[BlackElo "2074"]
[WhiteFideId "4137167"]
[BlackFideId "30965250"]
[EventDate "2025.06.10"]

1. d4 Nf6 2. Nf3 d5 3. c4 e6 4. Nc3 dxc4 5. e3 a6 6. a4 c5 7. Bxc4 Nc6 8. Ne5
Nxe5 9. dxe5 Qxd1+ 10. Kxd1 Ng4 11. Ke1 Nxe5 12. Be2 Bd7 13. f3 Be7 14. e4 Nc6
15. Bd2 Nd4 16. Kf2 Bc6 17. Be3 Nc2 18. Rad1 Nxe3 19. Kxe3 Rd8 20. f4 O-O 21.
Bf3 Rxd1 22. Rxd1 Rd8 23. Rxd8+ Bxd8 24. e5 Bxf3 25. Kxf3 Kf8 26. Ne4 Be7 27.
Nc3 Ke8 28. Ke4 Kd7 29. Kd3 Kc6 30. Kc4 b6 31. g3 h5 32. b3 h4 33. g4 h3 34. Ne4
Bh4 35. f5 b5+ 36. axb5+ axb5+ 37. Kd3 Kd5 0-1

[Event "Titled Tue 10th Jun Early"]
[Site "chess.com INT"]
[Date "2025.06.10"]
[Round "11"]
[White "Sapocinic, Semion"]
[Black "Nugumanov, Bakhtiyar"]
[Result "0-1"]
[WhiteTitle "FM"]
[BlackTitle "IM"]
[WhiteElo "2296"]
[BlackElo "2305"]
[WhiteFideId "13908693"]
[BlackFideId "13701797"]
[EventDate "2025.06.10"]

1. d4 Nf6 2. c4 g6 3. Nc3 d5 4. cxd5 Nxd5 5. Bd2 Bg7 6. e4 Nxc3 7. Bxc3 O-O 8.
Nf3 c5 9. d5 Bxc3+ 10. bxc3 e6 11. c4 exd5 12. exd5 Re8+ 13. Be2 Qa5+ 14. Qd2
Qxd2+ 15. Kxd2 Nd7 16. a4 Nf6 17. Bd3 Bg4 18. Rhe1 Bxf3 19. gxf3 Nd7 20. f4 b6
21. a5 Kf8 22. Rxe8+ Rxe8 23. axb6 axb6 24. Ra7 Nf6 25. Rb7 Ne4+ 26. Kc2 Nxf2
27. Rxb6 Re3 28. Rb3 Ke7 29. Kd2 Rh3 30. Rb7+ Kf6 31. Bc2 Rxh2 32. Kc3 Rh3+ 33.
Kd2 Ng4 34. d6 Ne3 35. d7 Nxc4+ 36. Ke2 Ke7 37. Ba4 Re3+ 38. Kf2 Rd3 39. Rb8
Rxd7 40. Bxd7 Kxd7 41. Rf8 Ke7 42. Rc8 Nd6 43. Rc7+ Ke6 44. Ke3 c4 45. Kd4 h5
46. Ke3 h4 47. Kf3 Kd5 48. Kg4 Nf5 49. Rxf7 Nh6+ 50. Kxh4 Nxf7 0-1

[Event "Titled Tue 10th Jun Early"]
[Site "chess.com INT"]
[Date "2025.06.10"]
[Round "11"]
[White "Olhovik, Andrei"]
[Black "Rozman, Levy"]
[Result "1-0"]
[WhiteTitle "FM"]
[BlackTitle "IM"]
[WhiteElo "2282"]
[BlackElo "2324"]
[WhiteFideId "13507397"]
[BlackFideId "2039877"]
[EventDate "2025.06.10"]

1. d4 g6 2. c4 Bg7 3. e4 Nc6 4. Ne2 e5 5. Be3 exd4 6. Nxd4 Qf6 7. Nxc6 Qxc6 8.
Qc2 d6 9. Nc3 Bxc3+ 10. Qxc3 f6 11. f3 b6 12. Be2 Kf7 13. O-O Ne7 14. Bd4 Ng8
15. b4 Be6 16. a4 a5 17. b5 Qe8 18. f4 Qe7 19. f5 gxf5 20. exf5 Bxf5 21. Rxf5
Qxe2 22. Bxf6 1-0

[Event "Titled Tue 10th Jun Early"]
[Site "chess.com INT"]
[Date "2025.06.10"]
[Round "11"]
[White "Fikiet, Alex"]
[Black "Hury, Tymoteusz"]
[Result "0-1"]
[BlackTitle "CM"]
[WhiteElo "2151"]
[BlackElo "2115"]
[WhiteFideId "2052717"]
[BlackFideId "21839328"]
[EventDate "2025.06.10"]

1. e4 d5 2. exd5 Qxd5 3. h3 c5 4. Nf3 Nc6 5. Nc3 Qd8 6. Bb5 Bd7 7. O-O e6 8. Re1
Nf6 9. d4 cxd4 10. Nxd4 Nxd4 11. Qxd4 Bxb5 12. Qxd8+ Rxd8 13. Nxb5 a6 14. Na3
Bxa3 15. bxa3 O-O 16. Rb1 Rd7 17. Be3 Rc8 18. Rb2 Nd5 19. Bc1 Nc3 20. g3 b5 21.
Rb3 Na4 0-1

[Event "Titled Tue 10th Jun Early"]
[Site "chess.com INT"]
[Date "2025.06.10"]
[Round "11"]
[White "Bruhovich, Olexandr"]
[Black "Carrasco Miranda, Andres"]
[Result "1-0"]
[WhiteTitle "CM"]
[BlackTitle "CM"]
[WhiteElo "2208"]
[BlackElo "2211"]
[WhiteFideId "14119919"]
[BlackFideId "3405990"]
[EventDate "2025.06.10"]

1. e4 e5 2. Nf3 Nc6 3. Bb5 Nf6 4. O-O Nxe4 5. d4 Nd6 6. Bxc6 dxc6 7. dxe5 Nf5 8.
Bd2 Be7 9. Nc3 Be6 10. Ne4 h6 11. Qe2 Nd4 12. Nxd4 Qxd4 13. Bc3 Qc4 14. Qe3 Bd5
15. Rfe1 Bxe4 16. Qxe4 Qxe4 17. Rxe4 O-O-O 18. Kf1 Rd5 19. f4 Rhd8 20. Ke2 b5
21. a3 Kb7 22. Rf1 c5 23. f5 Bg5 24. g3 h5 25. e6 fxe6 26. fxe6 g6 27. h4 Bd2
28. e7 1-0

[Event "Titled Tue 10th Jun Early"]
[Site "chess.com INT"]
[Date "2025.06.10"]
[Round "11"]
[White "Alothman , Ali Layth Ahmed"]
[Black "Khalafvand, Dorsa Sadat"]
[Result "1-0"]
[WhiteTitle "FM"]
[BlackTitle "WCM"]
[WhiteElo "2179"]
[BlackElo "1985"]
[WhiteFideId "4801920"]
[BlackFideId "36767522"]
[EventDate "2025.06.10"]

1. Nf3 d5 2. g3 c5 3. Bg2 Nc6 4. d4 cxd4 5. Nxd4 Nf6 6. O-O e5 7. Nxc6 bxc6 8.
c4 Be7 9. Nc3 d4 10. Ne4 Bb7 11. Nxf6+ Bxf6 12. Qa4 Qd7 13. e3 O-O 14. exd4 exd4
15. Bf4 Rae8 16. c5 Be5 17. Bxe5 Rxe5 18. Rad1 d3 19. b4 a6 20. Rd2 Re2 21. Qd1
Rxd2 22. Qxd2 Rd8 23. Re1 h6 24. Re3 Qd4 25. Bf1 Qa1 26. Rxd3 Re8 27. Rd8 Qe5
28. Qd7 Rxd8 29. Qxd8+ Kh7 30. Bd3+ f5 31. Qd7 Qe1+ 32. Kg2 Qxb4 33. Bxf5+ Kg8
34. Qe8# 1-0

[Event "Titled Tue 10th Jun Early"]
[Site "chess.com INT"]
[Date "2025.06.10"]
[Round "11"]
[White "Napoli, Nicolo"]
[Black "Moinzai, Khushal"]
[Result "1-0"]
[WhiteTitle "FM"]
[BlackTitle "FM"]
[WhiteElo "2264"]
[BlackElo "1894"]
[WhiteFideId "813702"]
[BlackFideId "11701200"]
[EventDate "2025.06.10"]

1. d4 Nf6 2. Nc3 e6 3. e4 c5 4. d5 exd5 5. e5 d6 6. exf6 d4 7. Bb5+ Nc6 8. Qe2+
Be6 9. Bxc6+ bxc6 10. Ne4 gxf6 11. Nf3 Rg8 12. O-O Be7 13. Bf4 Qd7 14. c3 Rg4
15. Bg3 d3 16. Qxd3 Bf5 17. Nxd6+ Bxd6 18. Qxd6 Qxd6 19. Bxd6 Be4 20. Rfe1 Kd7
21. h3 Rgg8 22. Bxc5 Bxf3 23. Re7+ Kc8 24. g3 Be4 25. Rxe4 1-0

[Event "Titled Tue 10th Jun Early"]
[Site "chess.com INT"]
[Date "2025.06.10"]
[Round "11"]
[White "Buyankhishig, Batpelden"]
[Black "Marynychenko, Yehor"]
[Result "1-0"]
[WhiteTitle "WFM"]
[BlackTitle "CM"]
[WhiteElo "2015"]
[BlackElo "2183"]
[WhiteFideId "4923537"]
[BlackFideId "34160558"]
[EventDate "2025.06.10"]

1. d4 Nf6 2. c4 g6 3. Nc3 Bg7 4. e4 d6 5. Be2 O-O 6. Nf3 Nbd7 7. O-O e5 8. Be3
exd4 9. Nxd4 Re8 10. f3 Nc5 11. Qd2 Ne6 12. Rad1 Nxd4 13. Bxd4 Be6 14. Nd5 Bxd5
15. cxd5 Qd7 16. Rc1 Nh5 17. Bxg7 Nxg7 18. Qc3 Rac8 19. Qb3 c6 20. Bc4 a6 21.
dxc6 Rxc6 22. Bd5 Rxc1 23. Rxc1 Rc8 24. Bxf7+ Kf8 25. Rxc8+ Qxc8 26. Qc4 Qd8 27.
Bg8 Qb6+ 28. Kf1 Qxb2 29. Qf7# 1-0

[Event "Titled Tue 10th Jun Early"]
[Site "chess.com INT"]
[Date "2025.06.10"]
[Round "11"]
[White "Punin, Andrii"]
[Black "Aswath, S"]
[Result "1-0"]
[WhiteTitle "FM"]
[BlackTitle "IM"]
[WhiteElo "2289"]
[BlackElo "2507"]
[WhiteFideId "14112639"]
[BlackFideId "46694919"]
[EventDate "2025.06.10"]

1. e4 c6 2. Nc3 d5 3. Nf3 dxe4 4. Nxe4 Nf6 5. Qe2 Nxe4 6. Qxe4 Qd5 7. Qh4 Be6 8.
Bd3 Nd7 9. Be4 Qd6 10. d4 Nf6 11. Bd3 Bd5 12. Qg3 Bxf3 13. Qxf3 Qxd4 14. O-O e6
15. Be3 Qd5 16. Qg3 Be7 17. Rfd1 Bd6 18. Qh3 Qh5 19. Qxh5 Nxh5 20. Be2 Nf4 21.
Rxd6 Nxe2+ 22. Kf1 Ke7 23. Rd2 1-0

[Event "Titled Tue 10th Jun Early"]
[Site "chess.com INT"]
[Date "2025.06.10"]
[Round "11"]
[White "Barseghyan, Armen Ar."]
[Black "Gulevich, Artem"]
[Result "1-0"]
[WhiteTitle "IM"]
[BlackTitle "FM"]
[WhiteElo "2348"]
[BlackElo "2304"]
[WhiteFideId "13306707"]
[BlackFideId "24119580"]
[EventDate "2025.06.10"]

1. d4 d5 2. Nf3 Nf6 3. c4 c6 4. Nc3 e6 5. Bg5 Nbd7 6. e3 Be7 7. Bd3 dxc4 8. Bxc4
b5 9. Bd3 a6 10. O-O c5 11. Ne4 c4 12. Nxf6+ gxf6 13. Be4 Ra7 14. Bh6 Bb7 15.
Bxb7 Rxb7 16. e4 Bf8 17. Bf4 Bg7 18. d5 O-O 19. Qc2 Nc5 20. Rad1 Nd3 21. Rxd3
cxd3 22. Qxd3 f5 23. d6 fxe4 24. Qxe4 Qb6 25. Ng5 Rd8 26. Be3 Qxd6 27. Qxb7 Bxb2
28. Qxf7+ 1-0

[Event "Titled Tue 10th Jun Early"]
[Site "chess.com INT"]
[Date "2025.06.10"]
[Round "11"]
[White "Myagmarsuren, Evsuld"]
[Black "Gonzalez Menendez, Ivan"]
[Result "1-0"]
[WhiteTitle "FM"]
[BlackTitle "FM"]
[WhiteElo "2292"]
[BlackElo "2382"]
[WhiteFideId "1551639"]
[BlackFideId "2226316"]
[EventDate "2025.06.10"]

1. e4 e6 2. d4 d5 3. e5 c5 4. c3 Nc6 5. Nf3 Bd7 6. Bd3 cxd4 7. cxd4 Qb6 8. O-O
Nxd4 9. Nbd2 a6 10. Nxd4 Qxd4 11. Nf3 Qb6 12. Be3 Bc5 13. Bxc5 Qxc5 14. Rc1 Qb6
15. Ng5 Nh6 16. Nxh7 Bb5 17. Ng5 Bxd3 18. Qxd3 Nf5 19. g4 Nh4 20. Rc3 Qd8 21. f4
Qb6+ 22. Rf2 Ng6 23. Rb3 Qc5 24. Nxe6 Qa7 25. Nc7+ Kf8 26. Nxa8 Rxh2 27. Nb6 Rh4
28. Qf5 Kg8 29. Rh2 Rxh2 30. Kxh2 d4 31. Qc8+ Kh7 32. Rh3+ 1-0

[Event "Titled Tue 10th Jun Early"]
[Site "chess.com INT"]
[Date "2025.06.10"]
[Round "11"]
[White "Cornelisse, Lorelei"]
[Black "Pulido Alvarez, Ariel"]
[Result "1-0"]
[WhiteTitle "WFM"]
[BlackTitle "FM"]
[WhiteElo "2138"]
[BlackElo "2252"]
[WhiteFideId "1087177"]
[BlackFideId "3503011"]
[EventDate "2025.06.10"]

1. d4 Nf6 2. Nc3 d5 3. Bf4 e6 4. Nb5 Na6 5. e3 c6 6. Nc3 Bd6 7. Bxd6 Qxd6 8.
Bxa6 bxa6 9. Na4 O-O 10. Nf3 Qb4+ 11. c3 Qd6 12. O-O Ne4 13. b4 Rb8 14. Qd3 f5
15. a3 Rf6 16. Ne5 Rh6 17. f3 Nf6 18. Nc5 Bd7 19. Qxa6 Be8 20. Qxa7 g5 21. Nxe6
Qxe6 22. Qxb8 g4 23. fxg4 f4 24. Rxf4 Nd7 25. Nxd7 Qxd7 26. Raf1 1-0

[Event "Titled Tue 10th Jun Early"]
[Site "chess.com INT"]
[Date "2025.06.10"]
[Round "11"]
[White "Jval Saurin Patel"]
[Black "Antoniou, Rafail"]
[Result "1-0"]
[WhiteTitle "FM"]
[BlackTitle "CM"]
[WhiteElo "2331"]
[BlackElo "2134"]
[WhiteFideId "25968343"]
[BlackFideId "5904390"]
[EventDate "2025.06.10"]

1. d4 d5 2. c4 c6 3. cxd5 cxd5 4. Nc3 Nf6 5. Bf4 a6 6. e3 Nc6 7. Bd3 e6 8. Rc1
Bd6 9. Bxd6 Qxd6 10. f4 O-O 11. Nf3 b5 12. O-O Bb7 13. Ne5 Ne7 14. Qf3 Rac8 15.
Qh3 Ne4 16. Nxe4 dxe4 17. Bc2 Rc7 18. Bb3 Rfc8 19. Rxc7 Rxc7 20. Qh5 Nf5 21. Re1
Bd5 22. g4 Nxe3 23. Rxe3 Bxb3 24. axb3 Qxd4 25. Kf2 Rc2+ 26. Kf1 Qd1+ 27. Re1
Qd8 28. Qxf7+ Kh8 29. Qxe6 Qd3+ 30. Nxd3 1-0

[Event "Titled Tue 10th Jun Early"]
[Site "chess.com INT"]
[Date "2025.06.10"]
[Round "11"]
[White "Lau, Lut Yin Luke"]
[Black "Beniosev, Daniel"]
[Result "1-0"]
[WhiteTitle "CM"]
[BlackTitle "CM"]
[WhiteElo "2243"]
[BlackElo "1959"]
[WhiteFideId "6002226"]
[BlackFideId "11632674"]
[EventDate "2025.06.10"]

1. Nf3 c5 2. g3 Nc6 3. Bg2 g6 4. O-O Bg7 5. c4 d6 6. Nc3 e5 7. d3 Nge7 8. Rb1
O-O 9. a3 b6 10. b4 Bb7 11. Ne1 f5 12. Nc2 Qd7 13. Ne3 a6 14. Ned5 Nxd5 15. Nxd5
Qd8 16. bxc5 dxc5 17. Rxb6 Rb8 18. Be3 Nd4 19. Bxd4 cxd4 20. Qb3 Bxd5 21. Bxd5+
Kh8 22. Rb1 Rxb6 23. Qxb6 Qg5 24. Qxa6 e4 25. Qd6 exd3 26. exd3 h5 27. Rb8 Rxb8
28. Qxb8+ Kh7 29. a4 Qd2 30. Bg8+ Kh6 31. h4 g5 32. Qd6+ 1-0

[Event "Titled Tue 10th Jun Early"]
[Site "chess.com INT"]
[Date "2025.06.10"]
[Round "11"]
[White "Erigaisi, Arjun"]
[Black "Vasquez Schroeder, Rodrigo"]
[Result "1-0"]
[WhiteTitle "GM"]
[BlackTitle "GM"]
[WhiteElo "2782"]
[BlackElo "2446"]
[WhiteFideId "35009192"]
[BlackFideId "3400042"]
[EventDate "2025.06.10"]

1. Nf3 c5 2. c4 Nf6 3. b3 b6 4. Bb2 Bb7 5. e3 e6 6. d4 cxd4 7. exd4 d5 8. Nc3
Be7 9. Bd3 O-O 10. O-O Nc6 11. Re1 Rc8 12. Rc1 dxc4 13. bxc4 Na5 14. Ne5 Nd7 15.
Nxd7 Qxd7 16. d5 Rfd8 17. Qh5 g6 18. Qe2 Re8 19. Rcd1 e5 20. Qxe5 f6 21. Qd4 Bc5
22. Qxf6 Rf8 23. Ne4 Bxf2+ 24. Kh1 Bxe1 25. Rxe1 Rce8 26. Qh8+ Kf7 27. Ng5# 1-0

[Event "Titled Tue 10th Jun Early"]
[Site "chess.com INT"]
[Date "2025.06.10"]
[Round "11"]
[White "Salimova, Asal"]
[Black "Lacasa Diaz, Josep Anton"]
[Result "1-0"]
[WhiteTitle "WCM"]
[BlackTitle "IM"]
[WhiteElo "2063"]
[BlackElo "2315"]
[WhiteFideId "14204940"]
[BlackFideId "2203375"]
[EventDate "2025.06.10"]

1. d4 d5 2. c4 e6 3. g3 c5 4. Bg2 Nc6 5. Nf3 Nf6 6. O-O cxd4 7. Nxd4 Bc5 8. Nb3
Bb6 9. cxd5 exd5 10. Nc3 d4 11. Ne4 Nxe4 12. Bxe4 Bh3 13. Bg2 Bxg2 14. Kxg2 O-O
15. Bf4 Re8 16. Qd3 Qe7 17. Rfe1 Rad8 18. Rad1 h5 19. h4 Ne5 20. Qf5 g6 21. Qe4
Qf6 22. Bg5 Qe6 23. Bxd8 Rxd8 24. Nxd4 Qf6 25. Nf3 Rxd1 26. Rxd1 Nxf3 27. Qxf3
Qxb2 28. Rd7 Qxa2 29. Rxb7 Qe6 30. Rb8+ Kg7 31. Qc3+ Qf6 32. Rg8+ 1-0

[Event "Titled Tue 10th Jun Early"]
[Site "chess.com INT"]
[Date "2025.06.10"]
[Round "11"]
[White "Murthy, Pappu"]
[Black "Boramanikar, Tanisha S"]
[Result "0-1"]
[BlackTitle "WCM"]
[WhiteElo "1838"]
[BlackElo "1743"]
[WhiteFideId "2013401"]
[BlackFideId "35023454"]
[EventDate "2025.06.10"]

1. e4 c5 2. d4 e6 3. Nf3 d5 4. e5 Nc6 5. c3 Qb6 6. Bd3 Bd7 7. O-O cxd4 8. Re1
dxc3 9. Nxc3 Nge7 10. Rb1 Ng6 11. h4 Bc5 12. Qe2 Nd4 13. Nxd4 Bxd4 14. h5 Nxe5
15. Bf4 Nxd3 16. Nxd5 Bxf2+ 17. Kh1 Qd4 18. Nc7+ Kd8 19. Nxa8 Qxf4 0-1

[Event "Titled Tue 10th Jun Early"]
[Site "chess.com INT"]
[Date "2025.06.10"]
[Round "11"]
[White "Chen, Yidong"]
[Black "Mattenberger, Matthias"]
[Result "1-0"]
[BlackTitle "FM"]
[WhiteElo "2074"]
[BlackElo "2286"]
[WhiteFideId "8607028"]
[BlackFideId "1339958"]
[EventDate "2025.06.10"]

1. e4 c5 2. Nf3 a6 3. c3 d5 4. exd5 Qxd5 5. d4 Nf6 6. Be2 e6 7. O-O Nc6 8. Be3
cxd4 9. cxd4 Be7 10. Nc3 Qd6 11. h3 O-O 12. Re1 b5 13. Rc1 Bb7 14. Qc2 Rac8 15.
Qb1 Rfd8 16. Red1 Nd5 17. Nxd5 Qxd5 18. Bd3 g6 19. Be4 Qd6 20. d5 exd5 21. Bxd5
Qb8 22. Qe4 Bf8 23. Ng5 Rd7 24. Nxf7 Rxf7 25. Bxf7+ Kxf7 26. Rd7+ Kg8 27. Qe6+
Kh8 28. Qf6+ Kg8 29. Qf7+ 1-0

[Event "Titled Tue 10th Jun Early"]
[Site "chess.com INT"]
[Date "2025.06.10"]
[Round "11"]
[White "Vifleemskaia, Svetlana"]
[Black "Matskevich, Varvara"]
[Result "1/2-1/2"]
[WhiteTitle "WFM"]
[BlackTitle "WFM"]
[WhiteElo "1942"]
[BlackElo "1911"]
[WhiteFideId "4129490"]
[BlackFideId "13523465"]
[EventDate "2025.06.10"]

1. d4 Nf6 2. c4 d6 3. Nc3 Nbd7 4. e4 c6 5. Nge2 e5 6. d5 Be7 7. Ng3 O-O 8. Be2
Re8 9. O-O Nf8 10. h3 Ng6 11. Be3 c5 12. Qd2 h6 13. Nf5 Bxf5 14. exf5 Nf8 15. g4
N8d7 16. f3 Nh7 17. Ne4 Ndf6 18. Kg2 Nxe4 19. fxe4 Bg5 20. Bd3 Qf6 21. Bxg5 Nxg5
22. b4 b6 23. a3 Nh7 24. Kg3 Qg5 25. Rf2 Reb8 26. h4 Qxd2 27. Rxd2 a5 28. b5 Nf6
29. g5 Nh5+ 30. Kg4 Nf4 31. Rf1 Kh7 32. a4 g6 33. f6 h5+ 34. Kg3 Re8 35. Bc2 Ra7
36. Rdf2 Raa8 1/2-1/2

[Event "Titled Tue 10th Jun Early"]
[Site "chess.com INT"]
[Date "2025.06.10"]
[Round "11"]
[White "Golsta, Madara"]
[Black "Biazliudau, Stanislau"]
[Result "0-1"]
[BlackTitle "CM"]
[WhiteElo "2008"]
[BlackElo "2150"]
[WhiteFideId "11607386"]
[BlackFideId "13508733"]
[EventDate "2025.06.10"]

1. e4 e6 2. d4 d5 3. Nc3 Nf6 4. Bg5 Be7 5. e5 Nfd7 6. Bxe7 Qxe7 7. f4 a6 8. Nf3
c5 9. Qd2 Nc6 10. dxc5 Qxc5 11. Be2 b5 12. a3 Bb7 13. f5 Ndxe5 14. Nxe5 Nxe5 15.
fxe6 fxe6 16. Qg5 d4 17. Qxg7 O-O-O 18. Nd1 Rhg8 19. Qxh7 Rxg2 20. Rf1 d3 21.
cxd3 Nxd3+ 22. Bxd3 Qe5+ 23. Be2 Qxe2# 0-1

[Event "Titled Tue 10th Jun Early"]
[Site "chess.com INT"]
[Date "2025.06.10"]
[Round "11"]
[White "Kozlov, Oleg"]
[Black "Tao, Sihan"]
[Result "1-0"]
[WhiteTitle "IM"]
[BlackTitle "FM"]
[WhiteElo "2253"]
[BlackElo "2202"]
[WhiteFideId "4104544"]
[BlackFideId "30982677"]
[EventDate "2025.06.10"]

1. d4 Nf6 2. c4 e5 3. dxe5 Ng4 4. Bf4 Nc6 5. Nf3 Bb4+ 6. Nbd2 Qe7 7. a3 Bxd2+ 8.
Qxd2 Ngxe5 9. Nxe5 Nxe5 10. e3 O-O 11. Be2 d6 12. O-O b6 13. Qc3 Bb7 14. b4 a5
15. c5 axb4 16. axb4 Ng6 17. Bg3 dxc5 18. bxc5 Qxc5 19. Qxc5 bxc5 20. Rac1 Ba6
21. Bxa6 Rxa6 22. Rxc5 c6 23. Rfc1 Rc8 24. Bd6 Nf8 25. Rb1 Ne6 26. Rc4 Ra7 27.
e4 Rd7 28. e5 f6 29. h3 fxe5 30. Bxe5 Rd5 31. f4 Rc5 32. Re4 Rc2 33. Rb7 Rf8 34.
Re7 1-0

[Event "Titled Tue 10th Jun Early"]
[Site "chess.com INT"]
[Date "2025.06.10"]
[Round "11"]
[White "Goldbeck, Lars"]
[Black "Onur, Cigdem"]
[Result "0-1"]
[WhiteTitle "FM"]
[BlackTitle "WCM"]
[WhiteElo "2391"]
[BlackElo "1956"]
[WhiteFideId "16208188"]
[BlackFideId "6346030"]
[EventDate "2025.06.10"]

1. e4 e5 2. Nc3 Nf6 3. f4 d5 4. fxe5 Nxe4 5. Qf3 f5 6. d3 Nxc3 7. bxc3 d4 8. Qg3
Nc6 9. Be2 Be6 10. Bf3 Qd7 11. c4 Bb4+ 12. Kd1 O-O-O 13. Rb1 Bc3 14. Bg5 Rde8
15. Ne2 h6 16. Bc1 g5 17. h4 f4 18. Qf2 Nxe5 19. Nxc3 dxc3 20. Qxa7 Kd8 21. Bxb7
Bg4+ 22. Ke1 Nxd3+ 23. Kf1 Re1# 0-1

[Event "Titled Tue 10th Jun Early"]
[Site "chess.com INT"]
[Date "2025.06.10"]
[Round "11"]
[White "Gurevich, Dmitry"]
[Black "Karpenko, Anton"]
[Result "1-0"]
[WhiteTitle "GM"]
[BlackTitle "CM"]
[WhiteElo "2338"]
[BlackElo "2219"]
[WhiteFideId "2000407"]
[BlackFideId "34374353"]
[EventDate "2025.06.10"]

1. d4 Nf6 2. c4 c5 3. Nf3 cxd4 4. Nxd4 d5 5. cxd5 Nxd5 6. e4 Nb6 7. Be3 a6 8.
Nc3 e6 9. Qb3 N8d7 10. Rd1 Nc5 11. Nxe6 Qxd1+ 12. Qxd1 Bxe6 13. Be2 Rd8 14. Qc1
Nc4 15. O-O Nxe3 16. Qxe3 Be7 17. Nd5 Nd7 18. Nc7+ Kf8 19. Nxe6+ fxe6 20. Bc4
Kf7 21. Kh1 Rhe8 22. f4 Bc5 23. Qb3 b5 24. Bxe6+ 1-0

[Event "Titled Tue 10th Jun Early"]
[Site "chess.com INT"]
[Date "2025.06.10"]
[Round "11"]
[White "Bukreev, Stanislav"]
[Black "Andrejevs, Arvids"]
[Result "1-0"]
[WhiteTitle "FM"]
[BlackTitle "CM"]
[WhiteElo "2305"]
[BlackElo "2165"]
[WhiteFideId "34252347"]
[BlackFideId "11602708"]
[EventDate "2025.06.10"]

1. d4 d6 2. Nf3 g6 3. c4 Bg7 4. g3 Nf6 5. Bg2 O-O 6. O-O Nbd7 7. Nc3 e6 8. e4 e5
9. h3 h6 10. Be3 Kh7 11. Qc2 Nh5 12. Rad1 exd4 13. Nxd4 Ne5 14. b3 Be6 15. g4
Bxg4 16. hxg4 Nxg4 17. Qe2 Qh4 18. Nf3 Qd8 19. Nd5 f5 20. Nh2 Nxh2 21. Kxh2 c6
22. Nb4 a5 23. Nc2 fxe4 24. Qg4 Nf6 25. Qh3 d5 26. Nd4 h5 27. Ne6 Qd6+ 28. Bf4
Ng4+ 29. Qxg4 Rxf4 30. Qxf4 Qxe6 31. cxd5 cxd5 32. Bh3 Qc6 33. Rc1 Bc3 34. Rg1
Re8 35. Qf7+ Kh6 36. Rxc3 1-0